[Event "Pan American-ch Hybrid U12 31st"]
[Site "Tornelo INT"]
[Date "2021.09.04"]
[Round "5"]
[White "Santos Sagastume, Paolo Andres"]
[Black "Ramos, Enzo de Almeida"]
[Result "1-0"]
[WhiteElo "1494"]
[BlackElo "1262"]
[PlyCount "49"]
[EventDate "2021.09.04"]
[EventType "swiss"]
[EventRounds "9"]
[EventCountry "NET"]
[SourceTitle "EXT 2023"]
[Source "ChessBase"]
[SourceDate "2022.10.05"]
[SourceVersion "1"]
[SourceVersionDate "2022.10.05"]
[SourceQuality "1"]

1. e4 c5 2. Nf3 Nc6 3. Nc3 g6 4. d4 cxd4 5. Nxd4 Bg7 6. Be3 Nf6 7. Be2 d6 8. 0-0 0-0 9. Qd2 Ng4 10. Bxg4 Bxg4 11. h3 Bd7 12. Nxc6 bxc6 13. Bh6 c5 14. Bxg7 Kxg7 15. e5 Bf5 16. exd6 exd6 17. Rad1 Rb8 18. b3 Rb6 19. Nd5 Ra6 20. c4 Qa5 21. Qb2+ f6 22. Rd2 Qd8 23. Re2 Rf7 24. Rfe1 Qf8 25. Re8 1-0

[Event "Sao Jose dos Campos op 3rd"]
[Site "Sao Jose dos Campos"]
[Date "2021.08.22"]
[Round "4"]
[White "Katsuyama, Eric Shih"]
[Black "Ramos, Enzo de Almeida"]
[Result "0-1"]
[WhiteElo "1253"]
[BlackElo "1272"]
[PlyCount "65"]
[EventDate "2021.08.21"]
[EventType "swiss"]
[EventRounds "5"]
[EventCountry "BRA"]
[SourceTitle "CBM 204 Extra"]
[Source "ChessBase"]
[SourceDate "2021.11.30"]
[SourceVersion "1"]
[SourceVersionDate "2021.11.30"]
[SourceQuality "1"]

1. d4 Nf6 2. c4 e6 3. Nc3 Bb4 4. e3 Bxc3+ 5. bxc3 0-0 6. Nf3 b6 7. Bd3 h6 8. 0-0 Bb7 9. Nd2 d6 10. Ba3 Nbd7 11. Qc2 Re8 12. Nb3 Qe7 13. Rae1 c5 14. Nd2 Nf8 15. e4 N8d7 16. e5 dxe5 17. dxe5 Ng4 18. Nf3 Bxf3 19. gxf3 Ngxe5 20. Bc1 Nxf3+ 21. Kh1 Nxe1 22. Rxe1 Qf6 23. Be4 Rad8 24. Rg1 Kf8 25. f3 Ne5 26. Qg2 Ng6 27. Qg3 Re7 28. Qh3 Nf4 29. Qg4 Ne2 30. Bg5 Qxg5 31. Qxg5 hxg5 32. Rxg5 Rd1+ 33. Kg2 0-1

[Event "Taubate op"]
[Site "Taubate"]
[Date "2020.11.01"]
[Round "4"]
[White "Gomes, Carlos"]
[Black "Ramos, Enzo de Almeida"]
[Result "0-1"]
[WhiteElo "1594"]
[BlackElo "1249"]
[PlyCount "46"]
[EventDate "2020.10.31"]
[EventType "swiss"]
[EventRounds "6"]
[EventCountry "BRA"]
[SourceTitle "CBM 199 Extra"]
[Source "ChessBase"]
[SourceDate "2021.01.31"]
[SourceVersion "1"]
[SourceVersionDate "2021.01.31"]
[SourceQuality "1"]

1. e4 e6 2. Qe2 c5 3. Nf3 Nc6 4. c3 d6 5. d4 cxd4 6. cxd4 Be7 7. Qd2 h6 8. Be2 Nf6 9. Nc3 0-0 10. 0-0 Qa5 11. Qc2 Qh5 12. h3 Qg6 13. Bd3 Nb4 14. Qb1 Nxd3 15. Qxd3 b6 16. Rd1 Bb7 17. e5 Ne4 18. Bf4 Nxc3 19. bxc3 Be4 20. Qe3 d5 21. Bg3 Rac8 22. Rd2 Rc7 23. Nh4 Bxh4 0-1

[Event "Taubate op"]
[Site "Taubate"]
[Date "2020.10.31"]
[Round "2"]
[White "Pavao, Fabio Biasi"]
[Black "Ramos, Enzo de Almeida"]
[Result "1-0"]
[WhiteElo "1722"]
[BlackElo "1249"]
[PlyCount "81"]
[EventDate "2020.10.31"]
[EventType "swiss"]
[EventRounds "6"]
[EventCountry "BRA"]
[SourceTitle "CBM 199 Extra"]
[Source "ChessBase"]
[SourceDate "2021.01.31"]
[SourceVersion "1"]
[SourceVersionDate "2021.01.31"]
[SourceQuality "1"]

1. Nf3 Nf6 2. g3 g6 3. Bg2 Bg7 4. 0-0 0-0 5. d3 d6 6. c4 Nbd7 7. Nc3 e5 8. Rb1 Rb8 9. b4 b6 10. d4 exd4 11. Nxd4 Bb7 12. Nd5 Nxd5 13. cxd5 Qf6 14. Bb2 Qg5 15. Nc6 Ra8 16. h4 Qg4 17. Bf3 Qc4 18. Bxg7 Kxg7 19. Qd4+ Qxd4 20. Nxd4 Ne5 21. Bg2 a6 22. Rfc1 Rac8 23. Bh3 Bxd5 24. f4 Nc4 25. e4 Bxe4 26. Bxc8 Rxc8 27. Rxc4 Bd3 28. Rbc1 Bxc4 29. Rxc4 c5 30. bxc5 dxc5 31. a4 Kf6 32. Kf2 h5 33. Nc2 Rd8 34. Kf3 Kf5 35. a5 Rd3+ 36. Ne3+ Ke6 37. axb6 Rb3 38. Rxc5 Rxb6 39. Re5+ Kd7 40. Ra5 Kc6 41. f5 1-0

[Event "Varginha Mineiro-ch"]
[Site "Varginha"]
[Date "2020.09.05"]
[Round "2"]
[White "Melo, Sergio Roberto Samp"]
[Black "Ramos, Enzo de Almeida"]
[Result "1-0"]
[WhiteElo "1707"]
[BlackElo "1264"]
[PlyCount "53"]
[EventDate "2020.09.04"]
[EventType "swiss"]
[EventRounds "7"]
[EventCountry "BRA"]
[SourceTitle "EXT 2021"]
[Source "ChessBase"]
[SourceDate "2020.10.23"]
[SourceVersion "1"]
[SourceVersionDate "2020.10.23"]
[SourceQuality "1"]

1. Nf3 Nf6 2. b3 e6 3. Bb2 Be7 4. g3 b6 5. Bg2 Bb7 6. 0-0 0-0 7. c4 d5 8. Ne5 Nbd7 9. d4 c5 10. cxd5 exd5 11. e3 Rc8 12. Nc3 a6 13. Nxd7 Qxd7 14. dxc5 bxc5 15. Na4 Qc6 16. Rc1 Rfd8 17. Qd2 Ne4 18. Qa5 f5 19. Rfd1 g5 20. Nb6 Rb8 21. Be5 Bd6 22. Nxd5 Kf7 23. Bxd6 Rxd6 24. Nc3 Rxd1+ 25. Rxd1 Re8 26. Nxe4 Rxe4 27. Qd2 1-0

[Event "Varginha Mineiro-ch"]
[Site "Varginha"]
[Date "2020.09.05"]
[Round "3"]
[White "Ramos, Enzo de Almeida"]
[Black "De Freitas, Isabella Ribeiro Co"]
[Result "0-1"]
[WhiteElo "1264"]
[BlackElo "1776"]
[PlyCount "60"]
[EventDate "2020.09.04"]
[EventType "swiss"]
[EventRounds "7"]
[EventCountry "BRA"]
[SourceTitle "EXT 2021"]
[Source "ChessBase"]
[SourceDate "2020.10.23"]
[SourceVersion "1"]
[SourceVersionDate "2020.10.23"]
[SourceQuality "1"]

1. e4 c5 2. Nc3 e6 3. g3 Nc6 4. Bg2 Nf6 5. d3 Be7 6. f4 d6 7. Be3 a6 8. Nf3 Qc7 9. 0-0 0-0 10. Qd2 Ng4 11. h3 Nxe3 12. Qxe3 Bf6 13. g4 Nd4 14. Rac1 h6 15. Kh1 Nxf3 16. Qxf3 Rb8 17. f5 b5 18. Nd1 Bb7 19. Qg3 Qe7 20. Bf3 Rbc8 21. c3 Bg5 22. Rb1 Rfd8 23. Rf2 Bh4 24. Qg2 Bxf2 25. Nxf2 d5 26. Qg3 dxe4 27. dxe4 Rd2 28. h4 exf5 29. gxf5 Qc7 30. Qg2 Qf4 0-1

[Event "Varginha Mineiro-ch"]
[Site "Varginha"]
[Date "2020.09.04"]
[Round "1"]
[White "Ramos, Enzo de Almeida"]
[Black "Dias, Joao Batista de Sou"]
[Result "0-1"]
[WhiteElo "1264"]
[BlackElo "1884"]
[PlyCount "58"]
[EventDate "2020.09.04"]
[EventType "swiss"]
[EventRounds "7"]
[EventCountry "BRA"]
[SourceTitle "EXT 2021"]
[Source "ChessBase"]
[SourceDate "2020.10.23"]
[SourceVersion "1"]
[SourceVersionDate "2020.10.23"]
[SourceQuality "1"]

1. e4 g6 2. d4 Bg7 3. Nc3 c5 4. Be3 Nc6 5. Nf3 cxd4 6. Nxd4 Nf6 7. Bc4 0-0 8. 0-0 Nxe4 9. Nxc6 bxc6 10. Nxe4 d5 11. Bxd5 cxd5 12. Ng5 Bxb2 13. Rb1 Bg7 14. f4 Bf5 15. g4 d4 16. Bd2 Bd7 17. f5 Bc6 18. Qe2 Qd5 19. Qf3 h6 20. Qxd5 Bxd5 21. Nf3 Bxa2 22. Rb7 e6 23. f6 Bxf6 24. Bxh6 Bd5 25. Rc7 Rfc8 26. Rxc8+ Rxc8 27. g5 Bh8 28. Kf2 Rxc2+ 29. Kg3 Rc3 0-1

[Event "Caxambu op"]
[Site "Caxambu"]
[Date "2020.03.08"]
[Round "5"]
[White "Sampaio, Andre Luiz"]
[Black "Ramos, Enzo de Almeida"]
[Result "1-0"]
[WhiteElo "1725"]
[BlackElo "1224"]
[PlyCount "75"]
[EventDate "2020.03.06"]
[EventType "swiss"]
[EventRounds "6"]
[EventCountry "BRA"]
[SourceTitle "CBM 195 Extra"]
[Source "ChessBase"]
[SourceDate "2020.05.31"]
[SourceVersion "1"]
[SourceVersionDate "2020.05.31"]
[SourceQuality "1"]

1. d4 Nf6 2. Nf3 g6 3. Bg5 Bg7 4. e3 0-0 5. c4 d6 6. Nc3 Nbd7 7. Be2 e5 8. 0-0 exd4 9. exd4 Re8 10. Re1 c5 11. Nb5 Qb6 12. Bf4 a6 13. Nxd6 Re6 14. Nxc8 Rxc8 15. d5 Ree8 16. Rb1 Ne4 17. Qc2 Nef6 18. h3 Re7 19. Bd3 Rxe1+ 20. Rxe1 Re8 21. Rxe8+ Nxe8 22. b3 Qf6 23. Bg3 Qb2 24. Qxb2 Bxb2 25. Kf1 Kf8 26. Ng5 h5 27. Ne4 Ba3 28. Nd6 Nxd6 29. Bxd6+ Ke8 30. Be4 Bb4 31. Ke2 Nf6 32. Kd3 Nxe4 33. Kxe4 f6 34. Bf4 Ke7 35. Bc1 Kd6 36. f3 b5 37. g4 hxg4 38. fxg4 1-0

[Event "South America-ch U10 16th"]
[Site "Buenos Aires"]
[Date "2019.12.04"]
[Round "5.4"]
[White "Ramos, Enzo de Almeida"]
[Black "Varela, Agustin"]
[Result "0-1"]
[WhiteElo "1274"]
[BlackElo "1485"]
[PlyCount "63"]
[EventDate "2019.12.01"]
[EventType "swiss"]
[EventRounds "9"]
[EventCountry "ARG"]
[SourceTitle "EXT 2024"]
[Source "ChessBase"]
[SourceDate "2023.10.10"]
[SourceVersion "1"]
[SourceVersionDate "2023.10.10"]
[SourceQuality "1"]

1. c4 e5 2. Nc3 Nf6 3. Nf3 Nc6 4. d3 d5 5. cxd5 Nxd5 6. Bd2 Be7 7. g3 Be6 8. Bg2 Nb6 9. 0-0 0-0 10. a3 f6 11. Qc2 a5 12. Rab1 a4 13. Qc1 Qd7 14. Ne4 Na5 15. Bxa5 Rxa5 16. Qd2 Rd5 17. Rfc1 Bf5 18. Nh4 Be6 19. Nc3 Rd6 20. Qc2 Bb3 21. Qd2 f5 22. Nf3 Bf6 23. Ng5 Nc4 24. Qe1 Bxg5 25. dxc4 Bxc1 26. Bd5+ Kh8 27. Qxc1 c6 28. Qe3 cxd5 29. Qc5 Rc8 30. Qb5 Qxb5 31. Nxb5 Rcd8 32. Na7 0-1

[Event "Varginha Mineiro-ch"]
[Site "Varginha"]
[Date "2019.11.16"]
[Round "4"]
[White "Ramos, Enzo de Almeida"]
[Black "Gomes, Marco Tulio Caldeir"]
[Result "0-1"]
[WhiteElo "1788"]
[BlackElo "1675"]
[PlyCount "58"]
[EventDate "2019.11.14"]
[EventType "swiss"]
[EventRounds "7"]
[EventCountry "BRA"]
[SourceTitle "CBM 193 Extra"]
[Source "ChessBase"]
[SourceDate "2020.01.31"]
[SourceVersion "1"]
[SourceVersionDate "2020.01.31"]
[SourceQuality "1"]

1. d4 Nf6 2. c4 e6 3. Nf3 b6 4. g3 Bb7 5. Bg2 Be7 6. Nc3 Ne4 7. Qc2 Nxc3 8. Qxc3 0-0 9. 0-0 c5 10. dxc5 bxc5 11. Rb1 d5 12. Rd1 Bf6 13. Qa3 Na6 14. b3 Qe7 15. Bb2 d4 16. Ba1 Nb4 17. Ne1 Bxg2 18. Kxg2 Rfd8 19. Rbc1 e5 20. Nc2 a5 21. Qa4 Bg5 22. e3 d3 23. Nxb4 axb4 24. Qb5 Rxa2 25. h4 Bxe3 26. Rb1 Rxf2+ 27. Kh1 Qe6 28. g4 Qxg4 29. Bxe5 Qf3+ 0-1

[Event "Vale Paraibano-ch"]
[Site "Taubate"]
[Date "2019.05.04"]
[Round "1"]
[White "Cuba, Jonathas Duarte Mei"]
[Black "Ramos, Enzo de Almeida"]
[Result "1-0"]
[WhiteElo "1831"]
[BlackElo "1800"]
[PlyCount "61"]
[EventDate "2019.05.04"]
[EventType "swiss"]
[EventRounds "5"]
[EventCountry "BRA"]
[SourceTitle "CBM 190 Extra"]
[Source "ChessBase"]
[SourceDate "2019.07.15"]
[SourceVersion "1"]
[SourceVersionDate "2019.07.15"]
[SourceQuality "1"]

1. e4 c5 2. Nf3 d6 3. d4 cxd4 4. Nxd4 Nf6 5. Nc3 g6 6. Be3 Bg7 7. Be2 a6 8. Qd2 0-0 9. h3 Nc6 10. Nb3 Be6 11. f4 Bxb3 12. axb3 e5 13. f5 gxf5 14. exf5 Qd7 15. b4 Na7 16. Bh6 Qc6 17. 0-0-0 b5 18. Bxg7 Kxg7 19. Qg5+ Kh8 20. Qxf6+ Kg8 21. Nd5 Rae8 22. Qg5+ Kh8 23. Nf6 Rc8 24. Bd3 d5 25. Qh6 Qxf6 26. Qxf6+ Kg8 27. Qg5+ Kh8 28. f6 Rg8 29. Qxe5 Rce8 30. Bxh7 Kxh7 31. Qh5# 1-0